| 000 | 00654nam a2200193Ia 4500 | ||
|---|---|---|---|
| 008 | 140429s9999 xx 000 0 und d | ||
| 020 | _a9780415564786 | ||
| 050 |
_aHM 1017 _b.On55 2010 |
||
| 245 |
_aOnline communication and collaboration : _ba reader / _cedited by : Helen Donelan, Karen Kear and Magnus Ramage. |
||
| 260 |
_aNew York : _bRoutledge, _cc2010. |
||
| 300 |
_a290 p. : _bill. ; _c24 cm. |
||
| 500 | _aIncludes bibliographical references and index. | ||
| 521 | _aMC | ||
| 650 |
_aComputer networks _xSocial aspects. |
||
| 650 |
_aInternet _xSocial aspects. |
||
| 650 | _aInterpersonal relations. | ||
| 942 |
_kFOR _cBK |
||
| 999 |
_c115603 _d115603 |
||